| 000 | 00631nam a2200205 i 4500 | ||
|---|---|---|---|
| 001 | 116311 | ||
| 003 | ES-MaACL | ||
| 005 | 20230906190700.0 | ||
| 007 | t| | ||
| 008 | 061121s1918 fr r ||||1| fre d | ||
| 100 | 1 |
_aOssip-Lourié ( _d1868-1955) _987790 |
|
| 245 | 1 | 3 |
_aLa Russie en 1914-1917 / _cpar Ossip-Louriè. |
| 260 |
_aParis : _bFélix Alcan, _c1918. |
||
| 300 |
_a271 p. ; _c19 cm. |
||
| 490 | 1 | _aBibliothèque d'histoire contemporaine | |
| 651 | 4 |
_aRusia- _xHistoria- _y1917-1921, Revolución. _99336 |
|
| 830 | 0 |
_aBibliothèque d'histoire contemporaine _9180875 |
|
| 852 |
_aES-MaACL _jG-7264 |
||
| 999 |
_c116311 _d116311 |
||